000 00686nam a2200217 a 4500
999 _c8889
_d8889
001 8889
003 BD-JhCC
005 20180305131656.0
008 171217s1966 bg |||| ||aa 000 0 ben d
035 _a(BD-JhCC)8889
040 _aBD-JhCC
_dBD-JhCC
041 _aben
082 _a515.63
_bKHA 1966
100 _aখায়ের, আবুল
245 _aডিফারেনসিয়াল কালকুলাস /
_cআবুল খায়ের
260 _aঢাকা :
_bকামরুল আহসান এন্ড ব্রাদার্স,
_c1966.
300 _a80 p. :
_c21 cm.
650 _aCalculas
942 _2ddc
_cBK